Balfour Beatty Construction Ltd v The Mayor and Burgesses of the London Borough of Lambeth (Record no. 102141)
[ view plain ]
| 000 -LEADER | |
|---|---|
| fixed length control field | 01395cam a2200193 4500 |
| 001 - CONTROL NUMBER | |
| control field | ABS65597 |
| 008 - FIXED-LENGTH DATA ELEMENTS--GENERAL INFORMATION | |
| fixed length control field | 020527n2002 000 0 eng u |
| 035 ## - SYSTEM CONTROL NUMBER | |
| System control number | (Sirsi) u118429 |
| 245 ## - TITLE STATEMENT | |
| Title | Balfour Beatty Construction Ltd v The Mayor and Burgesses of the London Borough of Lambeth |
| 260 ## - PUBLICATION, DISTRIBUTION, ETC. | |
| Date of publication, distribution, etc. | 2002 |
| 490 ## - SERIES STATEMENT | |
| Series statement | Construction Industry Law Letter |
| Volume/sequential designation | [2002] CILL 1873-1876(4) |
| 520 ## - SUMMARY, ETC. | |
| Summary, etc. | TCC 12 April 2002. The claimant (B) applied for summary judgement to enforce an adjudicator's decision that it was entitled to a substantial extension of time and therefore repayment of certain liquidated and ascertained damages. M argued that the adjudicator had not acted impartially, had not compiled with the principles of natural justice, and had acted in breach of contract and without jurisdiction. "Held": the courts refused to grant summary judgement on the grounds that the adjudicator had failed to give notice of the approach he intended to take. |
| 590 ## - LOCAL NOTE (RLIN) | |
| Local note | ABS |
| 650 ## - SUBJECT ADDED ENTRY--TOPICAL TERM | |
| Topical term or geographic name entry element | MANAGEMENT-DISPUTE AVOIDANCE, MANAGEMENT AND RESOLUTION-DISPUTE MANAGEMENT AND RESOLUTION-ALTERNATIVE DISPUTE RESOLUTION-ADJUDICATION |
| 650 ## - SUBJECT ADDED ENTRY--TOPICAL TERM | |
| Topical term or geographic name entry element | MANAGEMENT-DISPUTE AVOIDANCE, MANAGEMENT AND RESOLUTION-DISPUTE MANAGEMENT AND RESOLUTION-ALTERNATIVE DISPUTE RESOLUTION-ADJUDICATION-ADJUDICATORS |
| 650 ## - SUBJECT ADDED ENTRY--TOPICAL TERM | |
| Topical term or geographic name entry element | BALFOUR BEATTY CONSTRUCTION LTD V LAMBETH B C |
| 690 ## - LOCAL SUBJECT ADDED ENTRY--TOPICAL TERM (OCLC, RLIN) | |
| Topical term or geographic name as entry element | Dispute resolution |
| 9 (RLIN) | 6236 |
| 942 ## - ADDED ENTRY ELEMENTS (KOHA) | |
| Suppress in OPAC | 0 |
| Withdrawn status | Lost status | Source of classification or shelving scheme | Damaged status | Not for loan | Home library | Current library | Shelving location | Date acquired | Total Checkouts | Full call number | Barcode | Date last seen | Copy number | Price effective from | Koha item type |
|---|---|---|---|---|---|---|---|---|---|---|---|---|---|---|---|
| Dewey Decimal Classification | London | London | Journal article | 18/06/2002 | ABS65597 | 118429-1001 | 06/08/2019 | 1 | 06/08/2019 | Law report |